PRESCRIBING SKILLS WORKBOOK (Record no. 216779)
[ view plain ]
| 000 -LEADER | |
|---|---|
| fixed length control field | 00521nam a22001697a 4500 |
| 008 - FIXED-LENGTH DATA ELEMENTS--GENERAL INFORMATION | |
| fixed length control field | 260304b |||||||| |||| 00| 0 eng d |
| 020 ## - INTERNATIONAL STANDARD BOOK NUMBER | |
| International Standard Book Number | 978-1-907816-86-4 |
| 050 ## - LIBRARY OF CONGRESS CALL NUMBER | |
| Classification number | RS 100 .P74 2014 |
| 100 ## - MAIN ENTRY--PERSONAL NAME | |
| Personal name | NORTON, DANIEL |
| 245 ## - TITLE STATEMENT | |
| Title | PRESCRIBING SKILLS WORKBOOK |
| 260 ## - PUBLICATION, DISTRIBUTION, ETC. | |
| Place of publication, distribution, etc. | LONDON, |
| Name of publisher, distributor, etc. | JP MEDICAL LTD, |
| Date of publication, distribution, etc. | 2014. |
| 300 ## - PHYSICAL DESCRIPTION | |
| Extent | Vi, 369 p ILL |
| 650 ## - SUBJECT ADDED ENTRY | |
| Topical term or geographic name entry element | PRESCRIPTION, DRUG- PROBLEMS, EXERCISE 2. MEDICATION ERRORS- PREVETION |
| 700 ## - ADDED ENTRY--PERSONAL NAME | |
| Personal name | NORTON NICHOLAS. CAISLEY, JANE |
| 942 ## - ADDED ENTRY ELEMENTS (KOHA) | |
| Source of classification or shelving scheme | Library of Congress Classification |
| Koha item type | Long Loan Book |
| Withdrawn status | Lost status | Source of classification or shelving scheme | Damaged status | Not for loan | Collection | Home library | Current library | Shelving location | Date acquired | Inventory number | Total checkouts | Full call number | Barcode | Date last seen | Copy number | Price effective from | Koha item type |
|---|---|---|---|---|---|---|---|---|---|---|---|---|---|---|---|---|---|
| Library of Congress Classification | Medicine | Kisii University Library | Kisii University Library | On Display | 03/04/2026 | 112170 | RS 100 .P74 2014 | A000038 | 03/04/2026 | 1 | 03/04/2026 | Long Loan Book | |||||
| Library of Congress Classification | Medicine | Kisii University Library | Kisii University Library | On Display | 03/04/2026 | 112171 | RS 100 .P74 2014 | A000032 | 03/04/2026 | 2 | 03/04/2026 | Long Loan Book | |||||
| Library of Congress Classification | Medicine | Kisii University Library | Kisii University Library | On Display | 03/04/2026 | 112172 | RS 100 .P74 2014 | A000040 | 03/04/2026 | 3 | 03/04/2026 | Long Loan Book |